| 000 | 00470nam a2200205Ia 4500 | ||
|---|---|---|---|
| 008 | 210210b1948 xxu||||| |||| 00| 0 eng d | ||
| 041 | _aeng | ||
| 082 | _a825/74 | ||
| 100 | _aBENNETT (J) | ||
| 245 | _aGeorge Eliot her mind and her art | ||
| 260 |
_aCambridge _bAt the University Press _c1948 |
||
| 650 | _amind | ||
| 650 | _aher | ||
| 650 | _aGeorge | ||
| 650 | _aEliot | ||
| 650 | _aart | ||
| 650 | _aand | ||
| 690 | _aEnglish Criticism | ||
| 906 | _a014392 | ||
| 999 |
_c133562 _d133562 |
||